000 00610nam a22002297a 4500
003 OSt
005 20140310182915.0
008 130129t xxu||||| |||| 00| 0 eng d
020 _a9712324389
050 _aKD3989.3
_b.D331 2003
082 _aFIL 342
_bD37 2003
245 _aConstitution made simple
_cHector S. De Leon, Hector M. De Leon, Jr.
260 _aManila :
_b Rex Book Store,
_c2010.
300 _axxxvii, 321 p. ;
_c 22cm.
521 _acollege students
526 _c1210L-1700L
541 _j1
541 _j2
541 _j3
562 _e3
942 _2lcc
_cBK
_kFIL
999 _c17282
_d17282